Quiz da Paraíba - Statistics

Estatísticas Gerais
  • Esse quiz foi jogado 277 vezes
    276 desde o último reset
  • A pontuação média é 12 de 19
Estatísticas das Respostas
Dica Resposta % Correto
Capital João Pessoa
100%
Estados fazendo fronteira com a Paraíba Pernambuco
90%
Estados fazendo fronteira com a Paraíba Rio Grande do Norte
89%
Estados fazendo fronteira com a Paraíba Ceará
86%
Segunda maior cidade Campina Grande
84%
Este país invadiu a região em 1630 Países Baixos
81%
Rio mais longo Rio {Paraíba}
69%
Ponto mais oriental das Américas, na capital Ponta do {Seixas}
68%
Futebolista famoso que nasceu na cidade acima Hulk
61%
Um dos mais importantes sítios paleontológicos do Brasil, no município de Sousa Vale dos {Dinossauro}s
61%
Planalto passando pela aquela cidade Planalto da {Borborema}
56%
Cantora conhecida como "A Rainha do Forró" Elba Ramalho
53%
Terceira maior cidade Santa Rita
53%
Antigo nome do acima Nossa Senhora das Neves
47%
Presidente que nasceu na Paraíba Epitácio Pessoa
41%
A terceira maior rodovia do Brasil, começando em Cabedelo Rodovia {Transamazônica}
41%
Pico mais alto da Paraíba Pico do {Jabre}
36%
Cidade conhecida como a "Terra que ensinou a Paraíba a ler" Cajazeiras
34%
Maior ilha Ilha da {Restinga}
21%
Nenhum quiz correspondente encontrado
Distribuição das Pontuações
Porcentagem de Pessoas com Cada Pontuação
Percentil de Números Respondidos
Sua Pontuação Histórica
Você não jogou esse quiz desde o último reset